| 000 | 00907nam a22002297a 4500 | ||
|---|---|---|---|
| 999 |
_c18835 _d18835 |
||
| 003 | AR-CdUCM | ||
| 008 | 190515b ||||| |||| 00| 0 spa d | ||
| 040 |
_aMUNICIPALIDAD PROVINCIAL DEL CUSCO _cBIBLIOTECA MUNICIPAL DEL CUSCO |
||
| 082 |
_a810.95 / _bB84 |
||
| 100 |
_aBrown, John _939684 |
||
| 245 | _aPanorama de la literatura norteamericana contemporánea / | ||
| 260 |
_aMadrid : _bGuadarrama, _c1956. |
||
| 300 |
_a563 páginas ; _c22 cm. |
||
| 440 |
_aPanoramas ; _n1 _939685 |
||
| 505 | _aContenido: Presencia de la literatura norteamericana y objeto de este libro -- Fuentes de la literatura americana contemporánea -- La novela contemporánea -- La poesía ... | ||
| 650 |
_aLiteratura estadounidense _911000 |
||
| 650 |
_aHistoria y crítica _95993 |
||
| 650 |
_aSiglo XX. _98 |
||
| 700 |
_aCaballero Calderon, Eduardo (traductor) _939686 |
||
| 942 |
_2ddc _cLIBROS |
||
| 945 |
_aacv _d2019-05-15 |
||